=LDR 00000nam 2200000 4500 =001 001220 =005 20250712080438 =035 ##$$a 0010-0725000727 =007 ta =008 250712################a##########0#ind## =020 ##$$a 978-623-307-161-1 =082 ##$$a 398.209 598 =084 ##$$a 398.209 598 FLO l =100 #$$a Flora maharani =245 1#$$a Lihat kebunku /$c Flora maharani =250 ##$$a Cetakan pertama =260 ##$$a Rawamangun :$b Badan pengembangan dan pembinaan bahasa,$c 2022 =300 ##$$a 24 hlm. : $b Ilus. ; $c 29,7cm =650 #4$$a Cerita anak-indonesia